000 00478nam a2200181Ia 4500
003 GCL
008 140319s9999 xx 000 0 ara d
040 _aGCL /
_cGCL
082 0 4 _a953
_bف ا
100 1 _aفايز بدر
245 1 0 _aاربعة /
_cفايز بدر
300 _a168
490 _a100 قصة
_v0
650 0 4 _aالفتوحات الاسلامية
650 0 4 _aالتاريخ الاسلامى
650 0 4 _aالفرق الاسلامية
942 _2ddc
_cBK
999 _c43852
_d43852